NBA Team Names - Statistics

General Stats
  • This quiz has been taken 21 times
  • The average score is 24 of 30
Answer Stats
Hint Answer % Correct
Golden State Warriors
95%
Miami Heat
89%
San Antonio Spurs
89%
Chicago Bulls
84%
Boston Celtics
84%
Atlanta Hawks
84%
Utah Jazz
84%
New York Knicks
84%
Los Angelese Lakers
84%
Dallas Mavericks
84%
Oklahoma City Thunder
84%
Milwaukee Bucks
79%
Los Angeles Clippers
79%
Charlotte Hornets
79%
Brooklyn Nets
79%
Denver Nuggets
79%
Detroit Pistons
79%
Toronto Raptors
79%
Portland Trail Blazers
79%
Washington Wizards
79%
Cleveland Cavaliers
74%
Memphis Grizzlies
74%
Indiana Pacers
74%
Houston Rockets
74%
Phoenix Suns
74%
Sacramento Kings
68%
Orlando Magic
68%
New Orleans Pelicans
68%
Minnesota Timberwolves
68%
Philadelphia 76ers
63%
No matching quizzes found
Score Distribution
Percent of People with Each Score
Percentile by Number Answered
Your Score History
You have not taken this quiz